000 00777nam a2200289Ia 4500
001 84349
003 IT-RoPAU
008 130308s9999 xx 000 0 und d
040 _aIT-RoPAU
040 _cIT-RoPAU
041 _aITALIANO
100 _aDel Colle Giuseppe
100 _gCodice Aut. SPICS: 7421
245 _aCollaborazione dei laici
245 _bAtti del Seminario internazionale Editori Paolini
250 _a1a ed.
260 _aROMA
260 _bSocieta' San Paolo
260 _c1988 [1° Ed.:1988 - Ed.Ling.Originale:1988]
300 _a"4 p. (prefazione: no ; testo: 4 [pagine: 164-167])"
650 _aAUTORI/OPERE FAMIGLIA PAOLINA
650 _eCodice materia Spics: 9903
942 _cBK
957 _71
999 _c64883
_d64883
999 _bSI
999 _g1